[Event "Bad Woerishofen 2017 - Senioren"]
[Site "Bad Woerishofen"]
[Date "2017.03.17"]
[Round "9.20"]
[White "Ganslmayer, Anton"]
[Black "Trebbin, Wolfhard"]
[Result "1/2-1/2"]
[WhiteElo "2046"]
[BlackElo "1960"]
[Annotator "chessorg"]
[PlyCount "22"]
[EventDate "2017.??.??"]
[WhiteTeam "SC Eichenau"]
[BlackTeam "SG Lasker Steglitz-Wilmersdorf"]

1. e4 c5 2. Nc3 Nc6 3. Nf3 e6 4. Bb5 Nge7 5. O-O a6 6. Bxc6 Nxc6 7. d3 Be7 8.
a4 b6 9. Bf4 d6 10. Qe2 O-O 11. Be3 d5 1/2-1/2

[Event "Bad Woerishofen 2017 - Senioren"]
[Site "Bad Woerishofen"]
[Date "2017.03.17"]
[Round "9.21"]
[White "Sand, Rolf"]
[Black "Schirmer, Werner"]
[Result "1/2-1/2"]
[WhiteElo "2041"]
[BlackElo "1918"]
[Annotator "chessorg"]
[PlyCount "33"]
[EventDate "2017.??.??"]
[BlackTeam "Hamburger SK von 1830 eV"]

1. c4 Nf6 2. g3 g6 3. Bg2 Bg7 4. Nc3 O-O 5. e4 d6 6. Nge2 Nc6 7. O-O a6 8. d3
Rb8 9. a4 a5 10. h3 Bd7 11. Be3 Nb4 12. Qd2 c6 13. Rfd1 Ne8 14. d4 f5 15. e5
Nc7 16. f4 d5 17. c5 1/2-1/2

[Event "Bad Woerishofen 2017 - Senioren"]
[Site "Bad Woerishofen"]
[Date "2017.03.17"]
[Round "9.22"]
[White "Harsch, Martin"]
[Black "Rumsey, Victor"]
[Result "1/2-1/2"]
[WhiteElo "2014"]
[BlackElo "1897"]
[Annotator "chessorg"]
[PlyCount "21"]
[EventDate "2017.??.??"]
[WhiteTeam "Saanenland"]
[BlackTeam "Battersea"]

1. e4 e5 2. Nf3 Nc6 3. d4 exd4 4. Nxd4 Nf6 5. Nxc6 bxc6 6. e5 Qe7 7. Qe2 Nd5 8.
c4 Nb6 9. Nc3 a5 10. Qe4 g6 11. Bd3 1/2-1/2

[Event "Bad Woerishofen 2017 - Senioren"]
[Site "Bad Woerishofen"]
[Date "2017.03.17"]
[Round "9.23"]
[White "Klett, Thomas"]
[Black "Walther, Reinhard"]
[Result "0-1"]
[WhiteElo "1896"]
[BlackElo "2008"]
[Annotator "chessorg"]
[PlyCount "80"]
[EventDate "2017.??.??"]
[WhiteTeam "SV Urach"]
[BlackTeam "SK 1911 Herzogenaurach e.V."]

1. c4 c5 2. g3 g6 3. Bg2 Bg7 4. Nf3 Nc6 5. Nc3 e6 6. O-O Nge7 7. d3 d5 8. Rb1
O-O 9. Bg5 h6 10. Bd2 Rb8 11. cxd5 Nxd5 12. Nxd5 Qxd5 13. a3 e5 14. Qc1 h5 15.
Ng5 Qd8 16. Bxc6 bxc6 17. Qxc5 Bf5 18. Qxa7 e4 19. Bf4 Ra8 20. Qc7 exd3 21. e4
Bg4 22. Qxd8 Rfxd8 23. f3 Bc8 24. Kg2 Bd4 25. Bd2 Ba6 26. Nh3 c5 27. b3 c4 28.
bxc4 Bxc4 29. Bb4 Be3 30. Nf2 d2 31. Rh1 Rd7 32. Nd1 Bd4 33. Bxd2 Rxa3 34. Rb8+
Kg7 35. Bc1 Ra2+ 36. Nb2 Be5 37. Rb4 Rc7 38. Kh3 Be6+ 39. g4 hxg4+ 40. fxg4
Ra3+ 0-1

[Event "Bad Woerishofen 2017 - Senioren"]
[Site "Bad Woerishofen"]
[Date "2017.03.17"]
[Round "9.24"]
[White "Spurga, Josef"]
[Black "Hansch, Klaus-Michael"]
[Result "1/2-1/2"]
[WhiteElo "2007"]
[BlackElo "1890"]
[Annotator "chessorg"]
[PlyCount "40"]
[EventDate "2017.??.??"]
[WhiteTeam "VfL Sindelfingen"]
[BlackTeam "SC Weisse Dame e.V."]

1. d4 Nf6 2. Nf3 d5 3. e3 Bf5 4. c4 e6 5. Nc3 c6 6. Be2 h6 7. O-O Nbd7 8. b3
Be7 9. Bb2 O-O 10. Rc1 Ne4 11. Nxe4 Bxe4 12. Nd2 Bg6 13. Nf3 Rc8 14. Ne1 Qa5
15. Bc3 Bb4 16. Bxb4 Qxb4 17. Nd3 Qe7 18. Re1 Rfd8 19. Bf1 Qh4 20. g3 Qg5
1/2-1/2

[Event "Bad Woerishofen 2017 - Senioren"]
[Site "Bad Woerishofen"]
[Date "2017.03.17"]
[Round "9.25"]
[White "Plischke, Berthold"]
[Black "Mcandrew, Robert"]
[Result "0-1"]
[WhiteElo "1987"]
[BlackElo "1888"]
[Annotator "chessorg"]
[PlyCount "40"]
[EventDate "2017.??.??"]
[WhiteTeam "SV Wesel 1928 e.V."]
[BlackTeam "Gambit bonnevoie"]

1. e4 c5 2. Nf3 e6 3. d4 cxd4 4. Nxd4 a6 5. Nc3 Qc7 6. Bd3 Nf6 7. O-O Be7 8.
Kh1 d6 9. f4 Bd7 10. Qe1 Nc6 11. Nxc6 Bxc6 12. Qg3 g6 13. f5 gxf5 14. Bg5 Rg8
15. Qf4 Nh5 16. Qf3 Rxg5 17. h4 Rg4 18. Qd1 Ng3+ 19. Kg1 Nxf1 20. Bxf1 Qb6+ 0-1

[Event "Bad Woerishofen 2017 - Senioren"]
[Site "Bad Woerishofen"]
[Date "2017.03.17"]
[Round "9.26"]
[White "Bjorgvik, Jan Arne"]
[Black "Streiter, Manfred"]
[Result "1/2-1/2"]
[WhiteElo "1779"]
[BlackElo "1977"]
[Annotator "chessorg"]
[PlyCount "110"]
[EventDate "2017.??.??"]
[BlackTeam "SGem Vaihingen-Rohr"]

1. e4 e6 2. d4 d5 3. exd5 exd5 4. Nf3 Nc6 5. h3 Bd6 6. c3 Nge7 7. Bd3 Bf5 8.
O-O O-O 9. Re1 Qd7 10. Bxf5 Nxf5 11. Ne5 Nxe5 12. dxe5 Bc5 13. g4 Ne7 14. Be3
Bxe3 15. Rxe3 Ng6 16. Qd4 Qb5 17. b3 c5 18. Qd1 Rfe8 19. Qe1 Re6 20. Nd2 d4 21.
cxd4 cxd4 22. Re4 Qd3 23. f3 Rae8 24. Qf2 Rxe5 25. Qxd4 Qxd4+ 26. Rxd4 f6 27.
Re4 Rc8 28. Nc4 Rxe4 29. fxe4 Nf4 30. h4 Rd8 31. Kf2 Rd3 32. h5 g6 33. hxg6
hxg6 34. Ne3 Rd2+ 35. Kf3 Nh3 36. Nc4 Ng5+ 37. Ke3 Rg2 38. e5 b5 39. Nd6 fxe5
40. Nxb5 Rg3+ 41. Kf2 Ne4+ 42. Ke2 a6 43. Nc7 a5 44. Nd5 Kg7 45. Ne3 Rh3 46. a3
Rh2+ 47. Kd3 Nd6 48. Rc1 Rb2 49. Kc3 Re2 50. Kd3 Rb2 51. Kc3 Ra2 52. a4 Kf6 53.
Rd1 Ke6 54. Rg1 Re2 55. Kd3 Rb2 1/2-1/2

[Event "Bad Woerishofen 2017 - Senioren"]
[Site "Bad Woerishofen"]
[Date "2017.03.17"]
[Round "9.27"]
[White "Maassen, Hermann"]
[Black "Rahn, Oskar"]
[Result "0-1"]
[WhiteElo "1832"]
[BlackElo "2088"]
[Annotator "chessorg"]
[PlyCount "60"]
[EventDate "2017.??.??"]

1. d4 Nf6 2. c4 e5 3. dxe5 Ng4 4. Nf3 Nc6 5. Bf4 Bb4+ 6. Nc3 Bxc3+ 7. bxc3 Qe7
8. Qd5 Qa3 9. Qd2 Qa5 10. h3 Ngxe5 11. Nxe5 Nxe5 12. Qe3 d6 13. Bxe5 dxe5 14.
f4 O-O 15. Qxe5 Qxe5 16. fxe5 Re8 17. O-O-O Bf5 18. g4 Be4 19. Rh2 Rxe5 20. Rd7
Rc8 21. Rf2 f6 22. Bg2 Bxg2 23. Rxg2 Re3 24. Rd3 Rce8 25. Kd2 R3e5 26. Rd7 R8e7
27. Rxe7 Rxe7 28. Rg3 Kf7 29. Re3 Re6 30. Kd3 Ra6 0-1

[Event "Bad Woerishofen 2017 - Senioren"]
[Site "Bad Woerishofen"]
[Date "2017.03.17"]
[Round "9.28"]
[White "Krotofil, Kurt"]
[Black "Thielemann, Joachim"]
[Result "1-0"]
[WhiteElo "1943"]
[BlackElo "1829"]
[Annotator "chessorg"]
[PlyCount "93"]
[EventDate "2017.??.??"]
[WhiteTeam "Niendorfer TSV 1919 SAbt"]
[BlackTeam "SV Eutin"]

1. d4 d5 2. c4 e6 3. Nc3 Nf6 4. Bg5 c6 5. e3 Nbd7 6. Nf3 Be7 7. Bd3 dxc4 8.
Bxc4 Nd5 9. Bxe7 Qxe7 10. O-O O-O 11. e4 Nxc3 12. bxc3 b5 13. Bd3 Bb7 14. Qc2
e5 15. a4 a6 16. c4 bxc4 17. Bxc4 a5 18. Qb2 Nf6 19. Nxe5 Nxe4 20. Rfe1 c5 21.
d5 Nd6 22. Ng6 Qg5 23. Nxf8 Rxf8 24. Qb6 Qf6 25. Rac1 g6 26. Bb3 Ra8 27. Rxc5
Ra6 28. Qc7 Qb2 29. Bc2 Qd4 30. Rd1 Qb4 31. h3 Kg7 32. Rb1 Qd4 33. Rxa5 Rxa5
34. Qxa5 Nc4 35. Qc7 Bxd5 36. Rd1 Qc3 37. Rxd5 Qxc2 38. Rc5 Qd1+ 39. Kh2 Nd2
40. Qe5+ Kh6 41. Qf4+ Kg7 42. g4 Nf3+ 43. Kg3 Nd4 44. Kg2 Ne6 45. Qe5+ Kg8 46.
Rc8+ Nf8 47. Qc5 1-0

[Event "Bad Woerishofen 2017 - Senioren"]
[Site "Bad Woerishofen"]
[Date "2017.03.17"]
[Round "9.30"]
[White "Castellano, Alfonso"]
[Black "Zwetz, Anita"]
[Result "1-0"]
[WhiteElo "1916"]
[BlackElo "1813"]
[Annotator "chessorg"]
[PlyCount "69"]
[EventDate "2017.??.??"]
[BlackTeam "TSV Kareth-Lappersdorf"]

1. c4 e6 2. g3 d5 3. Nf3 c6 4. Bg2 Nf6 5. O-O Bd6 6. d3 Nbd7 7. Qc2 O-O 8. a3
Re8 9. b4 Nf8 10. Nc3 Bc7 11. Bb2 Ng6 12. Rac1 d4 13. Nxd4 Qxd4 14. Nd5 Qg4 15.
Nxc7 Bd7 16. Nxa8 Rxa8 17. Bxf6 gxf6 18. e4 Ne7 19. f4 h5 20. Qf2 f5 21. e5 Nc8
22. a4 Be8 23. Qd4 Nb6 24. a5 Nd7 25. Qe3 a6 26. d4 Nf8 27. d5 cxd5 28. cxd5
Bb5 29. Rfd1 exd5 30. Bxd5 Rb8 31. Qa7 Rc8 32. Qxb7 Bd7 33. Bf3 Qh3 34. Rxc8
Bb5 35. Qe7 1-0

[Event "Bad Woerishofen 2017 - Senioren"]
[Site "Bad Woerishofen"]
[Date "2017.03.17"]
[Round "9.31"]
[White "Rothenhagen, Siegfried"]
[Black "Abegg, Beat"]
[Result "1/2-1/2"]
[WhiteElo "1770"]
[BlackElo "1904"]
[Annotator "chessorg"]
[PlyCount "20"]
[EventDate "2017.??.??"]
[WhiteTeam "SF Windach"]
[BlackTeam "SK Altdorf"]

1. d4 d5 2. Bf4 c6 3. Nf3 Qb6 4. Qc1 Bg4 5. e3 Nd7 6. Nbd2 Ngf6 7. Bd3 e6 8.
O-O Be7 9. c3 O-O 10. Re1 Rac8 1/2-1/2

[Event "Bad Woerishofen 2017 - Senioren"]
[Site "Bad Woerishofen"]
[Date "2017.03.17"]
[Round "9.32"]
[White "Auterhoff, Juergen"]
[Black "Meinke, Dietlind"]
[Result "1/2-1/2"]
[WhiteElo "1749"]
[BlackElo "1904"]
[Annotator "chessorg"]
[PlyCount "82"]
[EventDate "2017.??.??"]
[WhiteTeam "SC Pasing von 1948 e.V."]
[BlackTeam "MTV Leck von 1889"]

1. e4 d5 2. exd5 Qxd5 3. Nc3 Qd8 4. d4 c6 5. Nf3 Bf5 6. Bf4 Nf6 7. Be2 e6 8. a3
Bd6 9. Bxd6 Qxd6 10. O-O Nbd7 11. Re1 O-O 12. Nh4 Bg6 13. Nxg6 hxg6 14. Bf3
Rad8 15. Ne2 Nb6 16. c3 Rd7 17. Ng3 Rfd8 18. Ne4 Nxe4 19. Rxe4 Nd5 20. Qe1 Qe7
21. Re5 Qh4 22. Re4 Qf6 23. Qe2 Ne7 24. Re5 Nf5 25. g3 Kh7 26. Re1 Rh8 27. Bg4
Kg8 28. Bxf5 gxf5 29. f4 Qg6 30. Rf1 Rh6 31. Rf2 Qf6 32. Rg2 Rg6 33. Qh5 Rh6
34. Qe2 Rg6 35. Qh5 Rd6 36. Qf3 Qd8 37. Qe2 Rd5 38. Rxd5 Qxd5 39. Qe5 Qxe5 40.
dxe5 Kf8 41. Rd2 Ke7 1/2-1/2

[Event "Bad Woerishofen 2017 - Senioren"]
[Site "Bad Woerishofen"]
[Date "2017.03.17"]
[Round "9.34"]
[White "Reimann, Guenther"]
[Black "Sand, Rosemarie"]
[Result "1/2-1/2"]
[WhiteElo "1873"]
[BlackElo "1719"]
[Annotator "chessorg"]
[PlyCount "33"]
[EventDate "2017.??.??"]
[WhiteTeam "SC Magstadt"]
[BlackTeam "Pfullingen"]

1. c4 c5 2. Nf3 Nc6 3. g3 g6 4. Bg2 Bg7 5. a3 e6 6. d3 Nge7 7. O-O O-O 8. Qc2
d6 9. Nc3 Rb8 10. Rb1 a5 11. Re1 b6 12. Bg5 h6 13. Bd2 Bb7 14. Rbd1 d5 15. cxd5
Nxd5 16. Nxd5 exd5 17. Bf4 1/2-1/2

[Event "Bad Woerishofen 2017 - Senioren"]
[Site "Bad Woerishofen"]
[Date "2017.03.17"]
[Round "9.35"]
[White "Stokes, Paul"]
[Black "Richter, Stefan"]
[Result "1/2-1/2"]
[WhiteElo "1867"]
[BlackElo "1671"]
[Annotator "chessorg"]
[PlyCount "63"]
[EventDate "2017.??.??"]
[WhiteTeam "Battersea"]
[BlackTeam "Elstertal langenberg"]

1. d4 b6 2. e4 Bb7 3. f3 e6 4. Be3 Be7 5. Bd3 d6 6. Ne2 Nd7 7. c4 c6 8. Nbc3 a6
9. O-O Ngf6 10. Ng3 h5 11. Nge2 Qc7 12. Rc1 e5 13. d5 c5 14. a3 h4 15. Bc2 h3
16. g4 Bc8 17. Ba4 Kf8 18. Bc6 Rb8 19. Ng3 g6 20. Qd2 Nh7 21. Bh6+ Kg8 22. Be3
Qd8 23. Kh1 Bg5 24. Bxg5 Qxg5 25. Qxg5 Nxg5 26. Kg1 Kg7 27. Kf2 Nf6 28. Kg1 Rf8
29. a4 Bd7 30. Bxd7 Nxd7 31. Kf2 f6 32. Ke3 1/2-1/2

[Event "Bad Woerishofen 2017 - Senioren"]
[Site "Bad Woerishofen"]
[Date "2017.03.17"]
[Round "9.36"]
[White "Urban, Rudolf"]
[Black "Schmidt, Ruediger"]
[Result "1/2-1/2"]
[WhiteElo "1833"]
[BlackElo "2001"]
[Annotator "chessorg"]
[PlyCount "45"]
[EventDate "2017.??.??"]
[WhiteTeam "Roter Turm Altstadt Muenchen"]

1. d4 d5 2. Bf4 c6 3. Nd2 Bf5 4. c3 e6 5. e3 Bd6 6. Ngf3 Bxf4 7. exf4 Nd7 8.
Be2 Qc7 9. g3 Ne7 10. O-O h6 11. Ne5 f6 12. Nxd7 Qxd7 13. Nf3 Bh3 14. Re1 g5
15. Bf1 Bxf1 16. Kxf1 gxf4 17. Qe2 Kf7 18. Nh4 h5 19. Qf3 Qd6 20. Re2 Rae8 21.
Rae1 Ng6 22. Nxg6 Kxg6 23. gxf4 1/2-1/2

[Event "Bad Woerishofen 2017 - Senioren"]
[Site "Bad Woerishofen"]
[Date "2017.03.17"]
[Round "9.37"]
[White "Kumeth, Hartmut"]
[Black "Ilyes, Peter"]
[Result "0-1"]
[WhiteElo "1813"]
[BlackElo "1968"]
[Annotator "chessorg"]
[PlyCount "58"]
[EventDate "2017.??.??"]
[WhiteTeam "SK Union Oldenburg"]

1. d4 Nf6 2. Nf3 g6 3. Bf4 Bg7 4. e3 O-O 5. Bd3 d6 6. Nbd2 Nbd7 7. c3 Re8 8.
Qc2 Nh5 9. Bg5 h6 10. Bh4 g5 11. Nxg5 hxg5 12. Bxg5 c6 13. O-O-O Qa5 14. f4
Qxa2 15. Bc4 Qa1+ 16. Nb1 Nb6 17. Bd3 Nf6 18. h3 Be6 19. Bxf6 exf6 20. g4 Bc4
21. Qf2 Bxd3 22. Rxd3 Nc4 23. Re1 d5 24. Re2 a5 25. f5 a4 26. h4 a3 27. bxa3
Rxa3 28. g5 Rb3 29. g6 Qxb1# 0-1

[Event "Bad Woerishofen 2017 - Senioren"]
[Site "Bad Woerishofen"]
[Date "2017.03.17"]
[Round "9.38"]
[White "Weber, Gerhard"]
[Black "Di Lazzaro, Gabriele"]
[Result "1/2-1/2"]
[WhiteElo "1773"]
[BlackElo "1914"]
[Annotator "chessorg"]
[PlyCount "53"]
[EventDate "2017.??.??"]
[WhiteTeam "SC Bayer Leverkusen e.V."]

1. e4 d5 2. exd5 Nf6 3. d4 Bg4 4. Ne2 Nxd5 5. c4 Nf6 6. Nbc3 e6 7. Be3 Be7 8.
Qa4+ Nbd7 9. h3 Bf5 10. Nf4 O-O 11. Be2 c6 12. O-O e5 13. dxe5 Nxe5 14. Rfd1
Qc7 15. Nd3 Nxd3 16. Bxd3 Be6 17. Rd2 Rfd8 18. Rad1 Nd7 19. Be2 Re8 20. Bf3 Ne5
21. Be2 Nd7 22. Qc2 Ne5 23. b3 g6 24. Ne4 Bf5 25. g4 Bxe4 26. Qxe4 Bb4 27. Rc2
1/2-1/2

[Event "Bad Woerishofen 2017 - Senioren"]
[Site "Bad Woerishofen"]
[Date "2017.03.17"]
[Round "9.39"]
[White "Trefzer, Erhard"]
[Black "Wawrinsky, Ludwig"]
[Result "1-0"]
[WhiteElo "1886"]
[BlackElo "1753"]
[Annotator "chessorg"]
[PlyCount "37"]
[EventDate "2017.??.??"]
[WhiteTeam "SV Besigheim"]
[BlackTeam "1.SK Neuperlach e.V."]

1. e4 e5 2. Nf3 Nc6 3. d4 exd4 4. Nxd4 Qf6 5. Be3 Bc5 6. c3 Nge7 7. Bc4 Na5 8.
Be2 Nac6 9. O-O Nxd4 10. cxd4 Bb6 11. e5 Qe6 12. Nc3 Nf5 13. Bg4 Nxe3 14. fxe3
Qh6 15. Rf3 O-O 16. Bf5 Qg5 17. Bxh7+ Kh8 18. Ne4 Qg4 19. Bf5 1-0

[Event "Bad Woerishofen 2017 - Senioren"]
[Site "Bad Woerishofen"]
[Date "2017.03.17"]
[Round "9.40"]
[White "Braeu, Ludwig"]
[Black "Norman, Dinah"]
[Result "1-0"]
[WhiteElo "1878"]
[BlackElo "1697"]
[Annotator "chessorg"]
[PlyCount "75"]
[EventDate "2017.??.??"]
[WhiteTeam "Markt Oberdorf"]

1. c4 e6 2. g3 d5 3. Bg2 Nf6 4. Nf3 c6 5. O-O Be7 6. b3 O-O 7. Bb2 Nbd7 8. Qc2
a5 9. d4 b6 10. Nbd2 Bb7 11. e4 Rc8 12. Ne5 h6 13. a3 Qc7 14. Rac1 Qb8 15. Rfe1
Rfe8 16. Qd3 Nf8 17. c5 b5 18. b4 a4 19. f3 Rcd8 20. Qe3 Qc7 21. Rcd1 Bc8 22.
Nf1 Qb7 23. Bc1 Qc7 24. Qf4 Qb7 25. Bh3 Ng6 26. Nxg6 fxg6 27. e5 Nh7 28. Qg4
Nf8 29. f4 Kh7 30. Be3 Qc7 31. Nd2 Qb7 32. Bf1 h5 33. Qh3 Kg8 34. Bd3 Kf7 35.
Nf3 Qc7 36. g4 hxg4 37. Qxg4 Qb7 38. Kh1 1-0

[Event "Bad Woerishofen 2017 - Senioren"]
[Site "Bad Woerishofen"]
[Date "2017.03.17"]
[Round "9.41"]
[White "Lachat, Martin"]
[Black "Blutharsch, Walter"]
[Result "1-0"]
[WhiteElo "1642"]
[BlackElo "1869"]
[Annotator "chessorg"]
[PlyCount "89"]
[EventDate "2017.??.??"]
[WhiteTeam "ASK Réti Zuerich"]
[BlackTeam "VfL Sindelfingen"]

1. c4 e5 2. Nc3 Nf6 3. Nf3 Nc6 4. g3 d5 5. cxd5 Nxd5 6. Nxd5 Qxd5 7. Bg2 Bc5 8.
O-O O-O 9. Ng5 Qd6 10. Qc2 f5 11. Qc4+ Kh8 12. Nf7+ Rxf7 13. Qxf7 Be6 14. Qh5
g6 15. Qh6 Nd4 16. d3 Nxe2+ 17. Kh1 Qxd3 18. Bg5 Bf8 19. Bf6+ Kg8 20. Qe3 Qxe3
21. fxe3 e4 22. Rfe1 Kf7 23. Be5 Bc4 24. Bf1 Ke6 25. Bxc7 Rc8 26. Ba5 b6 27.
Bd2 Rd8 28. Bxe2 Rxd2 29. Bxc4+ Ke5 30. b3 Bb4 31. Red1 Bc3 32. Rxd2 Bxd2 33.
Rd1 Bxe3 34. Rd7 h5 35. Rxa7 g5 36. Rh7 f4 37. gxf4+ gxf4 38. Rxh5+ Kd4 39.
Rd5+ Kc3 40. Kg2 Bd4 41. Rxd4 Kxd4 42. h4 Ke5 43. Kf2 Kf5 44. h5 Kg5 45. Be2
1-0

[Event "Bad Woerishofen 2017 - Senioren"]
[Site "Bad Woerishofen"]
[Date "2017.03.17"]
[Round "9.42"]
[White "Scholz, Herbert"]
[Black "Kelemen, Norbert"]
[Result "1/2-1/2"]
[WhiteElo "1838"]
[BlackElo "1630"]
[Annotator "chessorg"]
[PlyCount "50"]
[EventDate "2017.??.??"]
[WhiteTeam "Post SV Neustadt"]
[BlackTeam "SC Weiße Dame Ulm e.V."]

1. b3 e5 2. Bb2 Nc6 3. e3 d6 4. Bb5 Bd7 5. Nf3 Nf6 6. d4 e4 7. Ng5 d5 8. c4 Nb4
9. Bxd7+ Nxd7 10. Nxf7 Kxf7 11. O-O Nf6 12. f3 Be7 13. fxe4 dxe4 14. d5 Rf8 15.
Bd4 Kg8 16. Nc3 Qd7 17. a3 Na6 18. Rf4 Bd6 19. Rh4 c5 20. Bxf6 Rxf6 21. Nxe4
Rf5 22. Qg4 Be7 23. Ng3 Bxh4 24. Nxf5 Kh8 25. Rf1 Bf6 1/2-1/2

[Event "Bad Woerishofen 2017 - Senioren"]
[Site "Bad Woerishofen"]
[Date "2017.03.17"]
[Round "9.44"]
[White "Erdmann, Wolfgang"]
[Black "Wulf, Adalbert"]
[Result "1/2-1/2"]
[WhiteElo "1725"]
[BlackElo "1840"]
[Annotator "chessorg"]
[PlyCount "70"]
[EventDate "2017.??.??"]
[WhiteTeam "SC Roter Turm Altstadt"]
[BlackTeam "SV Ennigerloh-Oelde"]

1. d4 Nf6 2. Nf3 d6 3. e3 c5 4. c3 Nbd7 5. Bd3 g6 6. O-O Bg7 7. Nbd2 Qc7 8. e4
O-O 9. Qe2 e5 10. d5 Re8 11. c4 Nh5 12. g3 Nf8 13. Rb1 Bg4 14. Qe3 Qc8 15. Kh1
h6 16. Ng1 Nh7 17. f3 Bd7 18. Rf2 Ng5 19. Nf1 Nh3 20. Rg2 Kh7 21. Nxh3 Bxh3 22.
Rf2 Bd7 23. Qe2 Rf8 24. Bd2 Nf6 25. Ne3 Ng8 26. Ng2 a6 27. Rbf1 Qe8 28. b3 b5
29. f4 bxc4 30. Bxc4 Bb5 31. f5 gxf5 32. Rxf5 Bd7 33. R5f2 Bb5 34. Nh4 Bxc4 35.
Qxc4 Ne7 1/2-1/2

[Event "Bad Woerishofen 2017 - Senioren"]
[Site "Bad Woerishofen"]
[Date "2017.03.17"]
[Round "9.45"]
[White "Birkestrand, Odd"]
[Black "Knischka, Walter"]
[Result "1/2-1/2"]
[WhiteElo "1726"]
[BlackElo "1831"]
[Annotator "chessorg"]
[PlyCount "32"]
[EventDate "2017.??.??"]
[WhiteTeam "Norges Sjakkforbund"]
[BlackTeam "SK Oberguenzburg"]

1. e4 g6 2. d4 Bg7 3. Nc3 d6 4. f4 e6 5. Nf3 a6 6. Be2 Ne7 7. O-O b5 8. a3 Nd7
9. Be3 O-O 10. Qd2 Bb7 11. b4 Nf6 12. Qd3 d5 13. Ng5 dxe4 14. Ngxe4 Nxe4 15.
Nxe4 Bxe4 16. Qxe4 Nd5 1/2-1/2

[Event "Bad Woerishofen 2017 - Senioren"]
[Site "Bad Woerishofen"]
[Date "2017.03.17"]
[Round "9.46"]
[White "Hauke, Hans"]
[Black "Flockerzi, Armin"]
[Result "1-0"]
[WhiteElo "1702"]
[BlackElo "1822"]
[Annotator "chessorg"]
[PlyCount "51"]
[EventDate "2017.??.??"]
[BlackTeam "VfR-SC Koblenz"]

1. e4 e5 2. Nc3 Nf6 3. f4 exf4 4. e5 Qe7 5. Qe2 Ng8 6. Nf3 d6 7. d4 c6 8. Bxf4
d5 9. O-O-O Bg4 10. h3 Bxf3 11. Qxf3 g6 12. Bd3 Qe6 13. Rdf1 Nd7 14. g4 Bg7 15.
Bg5 Bh6 16. Bxh6 Nxh6 17. g5 Ng8 18. Ne2 Qe7 19. h4 h6 20. Qg4 O-O-O 21. Nf4
Rf8 22. e6 fxe6 23. Nxg6 Rxf1+ 24. Rxf1 Qg7 25. Nxh8 Qxh8 26. Qxe6 1-0

[Event "Bad Woerishofen 2017 - Senioren"]
[Site "Bad Woerishofen"]
[Date "2017.03.17"]
[Round "9.47"]
[White "Wraga, Teresa"]
[Black "Niedermaier, Peter"]
[Result "0-1"]
[WhiteElo "1667"]
[BlackElo "1808"]
[Annotator "chessorg"]
[PlyCount "48"]
[EventDate "2017.??.??"]
[WhiteTeam "SG Osnabrueck"]
[BlackTeam "SU Ebersberg-Grafing"]

1. e4 c5 2. Nc3 Nc6 3. g3 g6 4. Bg2 Bg7 5. d3 d6 6. f4 Nf6 7. Nf3 Bd7 8. O-O
Qc8 9. Rb1 O-O 10. Be3 Rb8 11. d4 Ng4 12. Bf2 Nxf2 13. Rxf2 Nxd4 14. Ne2 Nxe2+
15. Qxe2 Bg4 16. c4 b5 17. Rbf1 Be6 18. Qc2 Bxc4 19. Re1 a6 20. e5 Be6 21. exd6
exd6 22. Qd2 Rd8 23. Ng5 Bd4 24. Nxe6 fxe6 0-1

[Event "Bad Woerishofen 2017 - Senioren"]
[Site "Bad Woerishofen"]
[Date "2017.03.17"]
[Round "9.49"]
[White "Eigenmann, Christina"]
[Black "Buss, Richard"]
[Result "1-0"]
[WhiteElo "1738"]
[BlackElo "1575"]
[Annotator "chessorg"]
[PlyCount "151"]
[EventDate "2017.??.??"]
[BlackTeam "VfR Heisfelde e.V."]

1. d4 d5 2. c4 c6 3. cxd5 cxd5 4. Nc3 e6 5. Bf4 a6 6. e3 Nc6 7. a3 Bd6 8. Bxd6
Qxd6 9. Bd3 Nf6 10. Nf3 O-O 11. O-O Re8 12. Rc1 e5 13. dxe5 Nxe5 14. Nxe5 Qxe5
15. Re1 Ng4 16. f4 Qf6 17. Qf3 Qh6 18. h3 Nf6 19. Nxd5 Nxd5 20. Qxd5 Qb6 21.
Kh2 Be6 22. Qd4 Qa5 23. Qc5 Qd2 24. Qc2 Qa5 25. Qc3 Qh5 26. Be2 Qh6 27. Bf3
Rab8 28. Rcd1 Rec8 29. Qe5 Re8 30. Qd6 Qf6 31. Qb6 Qh4 32. Re2 Qe7 33. Red2 g6
34. Rc1 Rec8 35. Rxc8+ Rxc8 36. Qxb7 Qc5 37. Rd3 a5 38. Rc3 Qf8 39. Rxc8 Bxc8
40. Qc7 a4 41. Bd1 Ba6 42. Bxa4 Bf1 43. Qe5 Qa8 44. Qe8+ Qxe8 45. Bxe8 Kf8 46.
Bc6 Ke7 47. e4 Kd6 48. Bd5 f6 49. b3 Bd3 50. Ba8 Bc2 51. b4 Ba4 52. g4 h6 53.
h4 Bb5 54. Kg3 Ba4 55. g5 fxg5 56. hxg5 hxg5 57. Kg4 gxf4 58. Kxf4 g5+ 59. Kxg5
Ke5 60. Bd5 Bb5 61. Kg6 Be8+ 62. Bf7 Bb5 63. Bd5 Be8+ 64. Kg5 Bb5 65. Kg4 Bd7+
66. Kg3 Be8 67. Kf2 Kf4 68. Ke1 Ke5 69. Kd2 Kd4 70. Kc2 Ba4+ 71. Kb2 Ke5 72.
Kc3 Kd6 73. Kd4 Be8 74. e5+ Kc7 75. Kc5 Ba4 76. b5 1-0

[Event "Bad Woerishofen 2017 - Senioren"]
[Site "Bad Woerishofen"]
[Date "2017.03.17"]
[Round "9.50"]
[White "Grandl, Klaus"]
[Black "Zappi, Adriano"]
[Result "0-1"]
[WhiteElo "1576"]
[BlackElo "1729"]
[Annotator "chessorg"]
[PlyCount "158"]
[EventDate "2017.??.??"]
[WhiteTeam "Sportfr.Windach e.V.1923"]
[BlackTeam "Merania"]

1. e4 c5 2. c3 Nc6 3. Nf3 d6 4. h3 g6 5. d3 Bg7 6. Nbd2 Nf6 7. a4 Bd7 8. Be2 a5
9. O-O O-O 10. Nh2 e5 11. Nc4 Be6 12. b3 Bxc4 13. bxc4 Nd7 14. Rb1 Rb8 15. Bd2
f5 16. Bf3 f4 17. Bg4 b6 18. Bxd7 Qxd7 19. f3 Bf6 20. Be1 h5 21. Bf2 Kg7 22.
Qc2 Rb7 23. Rb2 Rfb8 24. Rfb1 Bd8 25. Qd1 g5 26. Qe1 Ne7 27. Rb5 Ng6 28. R1b2
Qf7 29. Rd2 Be7 30. Qe2 Qe6 31. Rdb2 Bd8 32. d4 Be7 33. d5 Qd7 34. Qf1 Kh6 35.
Qe2 Bd8 36. Nf1 Nf8 37. Nd2 Nh7 38. Nb3 Nf6 39. Qd1 Ne8 40. Qb1 Nc7 41. Nxa5
Nxb5 42. Nxb7 Nxc3 43. Qc2 Nxa4 44. Ra2 Rxb7 45. Qxa4 b5 46. cxb5 Qxb5 47. Qa8
Rb8 48. Qa7 Qb7 49. Qa4 Bf6 50. Kh2 Qc7 51. Rc2 Rc8 52. Rc4 Qb7 53. Rc2 Ra8 54.
Qc4 Bd8 55. Qc3 Ba5 56. Qd3 Bb4 57. Qd1 h4 58. Be1 Bxe1 59. Qxe1 Qb3 60. Qe2
Rb8 61. Ra2 c4 62. Ra6 Rd8 63. Rc6 Qd3 64. Qe1 Qe3 65. Qxe3 fxe3 66. Kg1 Ra8
67. Kf1 Ra2 68. Rxd6+ Kg7 69. Rc6 Rc2 70. d6 Kf7 71. Rc5 Ke6 72. d7 Kxd7 73.
Rxe5 c3 74. Rd5+ Ke6 75. Rd3 Rf2+ 76. Ke1 c2 77. Rc3 Rxg2 78. Rc6+ Kd7 79. Rc3
c1=Q+ 0-1

[Event "Bad Woerishofen 2017 - Senioren"]
[Site "Bad Woerishofen"]
[Date "2017.03.17"]
[Round "9.51"]
[White "Dallmeier, Gerhard"]
[Black "Hartlaub, Marianne"]
[Result "1-0"]
[WhiteElo "1819"]
[BlackElo "1555"]
[Annotator "chessorg"]
[PlyCount "55"]
[EventDate "2017.??.??"]
[WhiteTeam "SK Roland Weißenfels"]
[BlackTeam "SK 1982 Klingenberg e.V."]

1. e4 d6 2. d4 Nf6 3. Nc3 c6 4. f4 Qa5 5. Bd3 Bg4 6. Nf3 Nbd7 7. O-O e5 8. dxe5
dxe5 9. f5 Bc5+ 10. Kh1 Qc7 11. h3 Bxf3 12. Qxf3 b5 13. a3 Bd4 14. Ne2 Bb6 15.
Bd2 a5 16. Rad1 O-O 17. g4 Nc5 18. g5 Nfd7 19. Rg1 Nxd3 20. cxd3 Bxg1 21. Rxg1
g6 22. f6 Nc5 23. Qg3 Rfd8 24. Qh4 Rxd3 25. Qh6 Ne6 26. Rg4 Rad8 27. Rh4 Rxd2
28. Qxh7+ 1-0